History Quiz

Random History or Decade Quiz

1980s Blitz Quiz Stats

 Plays Quiz Updated Nov 27, 2018

Also try: 1990s Blitz
Challenge
Share
Tweet
Embed
Score 0/30 Timer 04:00
10 Plays Today
Category 1980s answer % Correct
American President [3]Ronald Reagan
90.5%
Super Bowl Winning Team [6]49ers
85.9%
Olympic Host Cities [6]Lake Placid
85.6%
Time Person of the Year [9]Ronald Reagan
83.6%
British Prime Minister [1]Margaret Thatcher
81.6%
Steven Spielberg Directed Movie [8]Raiders of the Lost Ark
80%
World Series Winning Team [9]Royals
78.8%
World Cup (soccer) Winning Nation [2]Italy
72.5%
Roman Catholic Pope [1]John Paul II
71.7%
Artist With 30 Million + Selling Album [4]Michael Jackson
70.7%
Country Boycotting the 1984 Olympics [14]USSR
66.5%
Oscar Best Actress [10]Sally Field
65.4%
Stanley Cup Winning Team [4]Islanders
63.3%
Tony Best Musical [10]Phantom of the Opera
62.3%
Oscar Best Actor [10]Ben Kingsley
58.4%
Category 1980s answer % Correct
Oscar Best Picture [10]Rain Man
54.9%
Oscar Best (dramatic) Score (composer) [12]John Williams
53.9%
English Football Champion [4]Liverpool
53.8%
Emmy Best Comedy Winner [6]Cheers
53.4%
General Secretary of the USSR [4]Leonid Brezhnev
51.4%
#1 Ranked Boys Name (US) [1]Michael
51.4%
Best Selling Author (US) [8]Stephen King
50.5%
#1 Ranked Girls Name (US) [2]Jennifer
33.2%
Emmy Best Drama Winner [5]Hill Street Blues
29.1%
Tour de France Winner [6]Greg LeMond
21.9%
New Artist Grammy Winner [10]Rickie Lee Jones
18.6%
New United Nations Member [7]Zimbabwe
13.7%
Nobel Peace Prize Winner [10]Dalai Lama
12.1%
U.N. Secretary General [2]Kurt Waldheim
6.9%
Newly Discovered Element [3]Bohrium
4.5%

You're not logged in!

Compare scores with friends on all Sporcle quizzes.
OR
Log In

You Might Also Like...

Show Comments

Extras

Top Quizzes Today


Score Distribution

Your Account Isn't Verified!

In order to create a playlist on Sporcle, you need to verify the email address you used during registration. Go to your Sporcle Settings to finish the process.

Report this User

Report this user for behavior that violates our Community Guidelines.

Details: